000 00394nam a2200181Ia 4500
001 15422
005 20260306170155.0
008 260306t2003||||xx |||||||||||||| ||und||
041 _aESP
082 _a540
_bB94
100 _aBurns, Ralph A.
_eAUT
245 0 _aFundamentos de quĂ­mica
260 _c2003
300 _a
_c
650 _aGEN
654 _aCCN
942 _cLIB
_dJUS
_fJUS
_2ddc
_n
999 _c15422
_d15422